Corporate finance : (Record no. 344996)
[ view plain ]
| 000 -LEADER | |
|---|---|
| fixed length control field | 01083 a2200205 4500 |
| 020 ## - INTERNATIONAL STANDARD BOOK NUMBER | |
| International Standard Book Number | 0471392200 |
| 020 ## - INTERNATIONAL STANDARD BOOK NUMBER | |
| International Standard Book Number | 9780471392200 |
| 082 04 - DEWEY DECIMAL CLASSIFICATION NUMBER | |
| Classification number | 332 |
| 090 ## - LOCALLY ASSIGNED LC-TYPE CALL NUMBER (OCLC); LOCAL CALL NUMBER (RLIN) | |
| -- | 2499 |
| -- | 2499 |
| 100 1# - MAIN ENTRY--PERSONAL NAME | |
| Personal name | Damodaran, Aswath. |
| 245 10 - TITLE STATEMENT | |
| Title | Corporate finance : |
| Remainder of title | theory and practice / |
| Statement of responsibility, etc. | Aswath Damodaran. |
| 250 ## - EDITION STATEMENT | |
| Edition statement | 2nd ed. |
| 260 ## - PUBLICATION, DISTRIBUTION, ETC. | |
| Place of publication, distribution, etc. | [S.l.] : |
| Name of publisher, distributor, etc. | John Wiley & Sons Inc, |
| Date of publication, distribution, etc. | 2001. |
| 300 ## - PHYSICAL DESCRIPTION | |
| Extent | 928 p. ; |
| Dimensions | 26 cm. |
| 500 ## - GENERAL NOTE | |
| General note | Hardcover. |
| 520 ## - SUMMARY, ETC. | |
| Summary, etc. | A text with a thoroughly integrated applications orientation revolving around the philosophy that companies need to know how to finance organizations in order to reach optimal capital structure. Recognizing that every investment decision involves choosing the right amount of debt and equity, the text suggests readers look at data and ask, "What is relevant? Why is this detail important? How does it answer the question?" |
| 856 40 - ELECTRONIC LOCATION AND ACCESS | |
| Materials specified | Amazon.com |
| Uniform Resource Identifier | <a href="http://www.amazon.com/exec/obidos/ASIN/0471392200/chopaconline-20">http://www.amazon.com/exec/obidos/ASIN/0471392200/chopaconline-20</a> |
| 856 40 - ELECTRONIC LOCATION AND ACCESS | |
| Materials specified | Amazon customer reviews |
| Uniform Resource Identifier | <a href="http://www.chopac.org/cgi-bin/tools/azrev.pl?q=0471392200">http://www.chopac.org/cgi-bin/tools/azrev.pl?q=0471392200</a> |
| 942 ## - ADDED ENTRY ELEMENTS (KOHA) | |
| Institution code [OBSOLETE] | NBS |
| Koha item type | Book |
| Call number prefix | 658.15 DAM |
| Withdrawn status | Lost status | Damaged status | Not for loan | Permanent Location | Current Location | Date acquired | Total Checkouts | Full call number | Barcode | Date last seen | Date last checked out | Price effective from | Koha item type |
|---|---|---|---|---|---|---|---|---|---|---|---|---|---|
| Central Library (CL) | Central Library (CL) | 08/28/2013 | 1 | 658.15 DAM | NBS6704 | 07/01/2014 | 01/30/2014 | 08/28/2013 | Book |
